| 000 | 00715nam a2200253Ia 4500 | ||
|---|---|---|---|
| 003 | OSt | ||
| 005 | 20220918174626.0 | ||
| 006 | a|||||r|||| 00| 0 | ||
| 007 | ta | ||
| 008 | 220917b |||||||| |||| 00| 0 eng d | ||
| 024 | _a13,158 | ||
| 037 | _cTextual | ||
| 040 |
_aARTS _cARTS _beng |
||
| 041 |
_2eng _aeng |
||
| 082 | _a/\2:864e, J3 | ||
| 100 |
_aVenkataraman Bangalore _950510 |
||
| 245 | 0 | _aNirayana tables of house for latitudes 0 to 60 N | |
| 260 |
_aBangalore _bRaman publications _c1953 |
||
| 300 |
_a475 _ccm. |
||
| 650 | _aSPIRITUALISM | ||
| 700 |
_a Vaidya R V _951121 |
||
| 942 |
_h/\2:864e, J3 _cTEXL _2CC |
||
| 999 |
_c153957 _d153957 |
||